[Event "AUTO-OPEN-2046"]
[Site "http://www.queenalice.com/game.php?id=805870"]
[Date "2010.7.20"]
[Round "1"]
[White "ION_digo"]
[Black "widad"]
[Result "1-0"]
[WhiteElo "1760"]
[BlackElo "1646"]

1. e4 c5 2. Bc4 Nc6 3. Nc3 e6 4. Nf3 h6 5. d3 a6 6. a4 Bd6 7. g3 Nge7 8. b3 b6
9. Be3 e5 10. h4 Nd4 11. Bxd4 cxd4 12. Bd5 Nxd5 13. Nxd5 Bb7 14. O-O Bxd5 15.
exd5 Qc7 16. Rc1 f5 17. Nd2 Bb4 18. Qh5+ Ke7 19. Nf3 Kf6 20. g4 fxg4 21. Qxg4
Qd6 22. h5 Qxd5 23. Qg6+ Ke7 24. Qxg7+ Qf7 25. Qxe5+ Qe6 26. Qxd4 Qd6 27. Qe4+
Kd8 28. Qxa8+ 1-0

[Event "AUTO-OPEN-2046"]
[Site "http://www.queenalice.com/game.php?id=805871"]
[Date "2010.7.20"]
[Round "1"]
[White "widad"]
[Black "ION_digo"]
[Result "1-0"]
[WhiteElo "1635"]
[BlackElo "1771"]

1. d4 d5 2. c4 Nf6 3. f3 dxc4 4. Nc3 e6 5. e4 Bb4 6. Bxc4 Bxc3+ 7. bxc3 h6 8.
Ne2 Bd7 9. Bb2 a6 10. Ng3 b5 11. Bb3 Bc6 12. Ba3 a5 13. Bc5 a4 14. Bc2 Na6 15.
Ba3 Qd7 16. e5 Nd5 17. Bb2 Ne3 18. Qe2 Nc4 19. Bc1 O-O 20. Qd3 g6 21. Bxh6 Nb2
22. Qe3 Nc4 23. Qg5 Rfd8 24. Qf6 1-0

[Event "AUTO-INT-1687"]
[Site "http://www.queenalice.com/game.php?id=817744"]
[Date "2010.8.13"]
[Round "2"]
[White "mateusamorim96"]
[Black "ION_digo"]
[Result "1-0"]
[WhiteElo "1959"]
[BlackElo "1726"]

1. d4 e6 2. c4 Nf6 3. Nc3 c5 4. Nf3 Nc6 5. d5 exd5 6. cxd5 Nb4 7. a3 Na6 8. d6
Qb6 9. e4 Ng4 10. h3 Nf6 11. e5 Ng8 12. Nd5 Qc6 13. Bxa6 bxa6 14. Nc7+ Kd8 15.
Nxa8 Qxa8 16. O-O f6 17. Qb3 Bb7 18. Qf7 Nh6 19. Bxh6 gxh6 20. Qxf6+ Ke8 21.
Qxh8 Bxf3 22. gxf3 Qxf3 23. Qxh7 Qxh3 24. Qg6+ Kd8 25. Qg3 Qe6 26. Rac1 c4 27.
Qh4+ Ke8 28. Rxc4 Bg7 29. Qh5+ Kf8 30. Rc8+ Qe8 31. Rxe8# 1-0

[Event "AUTO-INT-1687"]
[Site "http://www.queenalice.com/game.php?id=817745"]
[Date "2010.8.13"]
[Round "2"]
[White "ION_digo"]
[Black "mateusamorim96"]
[Result "0-1"]
[WhiteElo "1739"]
[BlackElo "1938"]

1. e4 c5 2. Nc3 e6 3. Nf3 d6 4. e5 dxe5 5. Nxe5 Bd6 6. Nf3 Nf6 7. d3 O-O 8. Bg5
Be7 9. Bxf6 Bxf6 10. Ne4 Bxb2 11. Rb1 Qa5+ 12. Nfd2 Bd4 13. Nd6 Qc7 14. N2e4
Bc3+ 15. Ke2 Be5 16. Nb5 Qe7 17. g3 a6 18. Na3 Nc6 19. Nc4 b5 20. Nb6 Rb8 21.
Nxc8 Rbxc8 22. f4 Bc7 23. h3 f5 24. Nf2 Nd4+ 25. Kd2 c4 26. Bg2 Bb6 27. Rf1 c3+
28. Kc1 Qa3+ 29. Rb2 Qxb2# 0-1

[Event "AUTO-INT-1687"]
[Site "http://www.queenalice.com/game.php?id=817748"]
[Date "2010.8.13"]
[Round "2"]
[White "abc123"]
[Black "ION_digo"]
[Result "1-0"]
[WhiteElo "1663"]
[BlackElo "1685"]

1. d4 e6 2. e3 Nf6 3. Nf3 h6 4. Bd3 d5 5. O-O Bd6 6. h3 Nh5 7. Ne5 Bxe5 8. dxe5
d4 9. Qxh5 O-O 10. e4 Nc6 11. f4 Qe7 12. a3 a6 13. c3 b5 14. Nd2 dxc3 15. bxc3
Qc5+ 16. Kh1 Qxc3 17. Bxb5 axb5 18. Ra2 b4 19. Qf3 Ba6 20. Rd1 Nd4 21. Qxc3 bxc3
22. Nf3 Ne2 23. f5 Ng3+ 24. Kh2 Nxe4 25. Re1 exf5 26. Nd4 Bc4 27. Rc2 g6 28.
Rxe4 fxe4 29. Rxc3 Ra4 30. Bxh6 Rd8 31. Nc6 Rd7 32. e6 fxe6 33. Ne5 Rh7 34. Bf4
g5 35. Be3 Bd5 36. Ng4 Kf8 37. Nf6 Rf7 38. Nxd5 exd5 39. Bxg5 d4 40. Rb3 1-0

[Event "AUTO-INT-1687"]
[Site "http://www.queenalice.com/game.php?id=817749"]
[Date "2010.8.13"]
[Round "2"]
[White "ION_digo"]
[Black "abc123"]
[Result "0-1"]
[WhiteElo "1717"]
[BlackElo "1545"]

1. e4 e5 2. Nc3 Nf6 3. h3 Nc6 4. a3 Be7 5. Nf3 O-O 6. Bc4 h6 7. d3 d6 8. Nh4
Nxe4 9. dxe4 Bxh4 10. g3 Bf6 11. Be3 a6 12. O-O Bxh3 13. Re1 b5 14. Bd5 Bd7 15.
b4 Rb8 16. Bxc6 Bxc6 17. Kg2 Bg5 18. f3 Bxe3 19. Rxe3 Qg5 20. Qd2 Kh8 21. Rh1 f5
22. exf5 Rxf5 23. g4 Qxg4+ 24. Kf2 Bxf3 25. Rg1 Qh4+ 26. Kf1 Bg4+ 27. Kg2 Rbf8
28. Ne4 Bf3+ 29. Rxf3 Rxf3 30. Qe2 Qh3# 0-1

[Event "Challenge"]
[Site "http://www.queenalice.com/game.php?id=817963"]
[Date "2010.8.14"]
[Round "-"]
[White "ION_digo"]
[Black "Balrog"]
[Result "0-1"]
[WhiteElo "1751"]
[BlackElo "1861"]

1. e4 e5 2. Nc3 Nf6 3. Bc4 d6 4. h3 Be7 5. Nf3 O-O 6. d3 c6 7. Ng5 d5 8. exd5
cxd5 9. Bxd5 Nxd5 10. Nge4 Nxc3 11. bxc3 f5 12. Ng3 f4 13. Ne4 Nc6 14. O-O Bh4
15. Ba3 Rf5 16. Nd6 Rg5 17. d4 Bxh3 18. Nxb7 Rxg2+ 19. Kh1 Qg5 20. Qf3 Qg4 21.
Qxc6 f3 22. Qd5+ Kh8 23. Nd6 Rf8 24. Nf7+ Rxf7 25. Qxf7 h6 26. dxe5 Rxf2 27.
Rxf2 Bxf2 28. Rd1 Qg2# 0-1

[Event "QA-ANNIV-06"]
[Site "http://www.queenalice.com/game.php?id=836970"]
[Date "2010.9.23"]
[Round "2"]
[White "alainbouley"]
[Black "ION_digo"]
[Result "1-0"]
[WhiteElo "2115"]
[BlackElo "1719"]

1. e4 e5 2. Nf3 f6 3. Bc4 Nh6 4. d3 g5 5. Nxg5 fxg5 6. Qh5+ Ke7 7. Bxg5+ Kd6 8.
Bxd8 Nc6 9. Bf6 Rg8 10. Bxg8 Nxg8 11. Qf7 Nxf6 12. Qxf6+ 1-0

[Event "AUTO-ADV-1815"]
[Site "http://www.queenalice.com/game.php?id=841806"]
[Date "2010.10.4"]
[Round "2"]
[White "ION_digo"]
[Black "Fariajj"]
[Result "0-1"]
[WhiteElo "1593"]
[BlackElo "1905"]

1. e4 c5 2. Bc4 Nc6 3. Qh5 e6 4. Nf3 Nf6 5. Qh4 d6 6. Nc3 Be7 7. d3 Bd7 8. a3 a6
9. a4 Ne5 10. Nxe5 dxe5 11. Qg5 O-O 12. O-O Nd5 0-1

[Event "AUTO-ADV-1815"]
[Site "http://www.queenalice.com/game.php?id=841807"]
[Date "2010.10.4"]
[Round "2"]
[White "Fariajj"]
[Black "ION_digo"]
[Result "1-0"]
[WhiteElo "1909"]
[BlackElo "1589"]

1. d4 d5 2. c4 c6 3. Nc3 dxc4 4. e4 Be6 5. d5 Bd7 6. Bxc4 b5 7. Be2 e6 8. Nf3
Bb4 9. Bd2 Bxc3 10. Bxc3 f6 11. Nh4 Ne7 12. Bh5+ 1-0

[Event "AUTO-ADV-1815"]
[Site "http://www.queenalice.com/game.php?id=841808"]
[Date "2010.10.4"]
[Round "2"]
[White "ION_digo"]
[Black "Rutty"]
[Result "0-1"]
[WhiteElo "1614"]
[BlackElo "2014"]

1. e4 e5 2. Bc4 Bc5 3. Nf3 Nc6 4. h3 Nf6 5. d3 h6 6. a3 O-O 7. b4 Bd6 8. Nh4
Nxe4 9. Ng6 Nxf2 10. Qf3 Nxh1 11. Nxf8 Qxf8 12. g4 e4 13. Qxh1 exd3 14. Bxd3 Ne5
15. Qe4 Ng6 16. Be3 Bg3+ 17. Bf2 Bxf2+ 18. Kxf2 Qe7 0-1

[Event "AUTO-ADV-1815"]
[Site "http://www.queenalice.com/game.php?id=841809"]
[Date "2010.10.4"]
[Round "2"]
[White "Rutty"]
[Black "ION_digo"]
[Result "1-0"]
[WhiteElo "2016"]
[BlackElo "1612"]

1. e4 e5 2. Nf3 Bc5 3. Bc4 Nf6 4. Nc3 d6 5. h3 a6 6. d3 h6 7. O-O c6 8. d4 exd4
9. Ne2 Nxe4 10. Nexd4 b5 11. Bd3 d5 12. Re1 f5 13. Be3 O-O 14. Ne5 Qf6 15. f4 g5
16. c3 Bd7 17. Nxd7 Nxd7 18. fxg5 1-0

[Event "AUTO-INT-1653"]
[Site "http://www.queenalice.com/game.php?id=845852"]
[Date "2010.10.14"]
[Round "2"]
[White "ION_digo"]
[Black "javito"]
[Result "0-1"]
[WhiteElo "1630"]
[BlackElo "1636"]

1. e4 e5 2. Bc4 Nf6 3. Nf3 Nc6 4. h3 Nxe4 5. d3 Nxf2 6. Kxf2 Bc5+ 7. Be3 Bxe3+
8. Kxe3 d5 9. Bb5 d4+ 10. Kd2 Bd7 11. Qe2 Qe7 12. Re1 Qb4+ 13. c3 dxc3+ 14. Nxc3
Qxb2+ 0-1

[Event "AUTO-INT-1653"]
[Site "http://www.queenalice.com/game.php?id=845853"]
[Date "2010.10.14"]
[Round "2"]
[White "javito"]
[Black "ION_digo"]
[Result "1-0"]
[WhiteElo "1619"]
[BlackElo "1647"]

1. e4 e5 2. Nf3 Nc6 3. c3 a6 4. Bc4 h6 5. Qb3 Qf6 6. O-O Na5 7. Bxf7+ Qxf7 8.
Qxf7+ Kxf7 9. Nxe5+ Kf6 10. d4 h5 11. Nf3 d6 12. e5+ dxe5 13. dxe5+ Ke6 14. Ng5+
Ke7 15. Re1 1-0

[Event "AUTO-OPEN-1936"]
[Site "http://www.queenalice.com/game.php?id=846716"]
[Date "2010.10.16"]
[Round "2"]
[White "kookaburra"]
[Black "ION_digo"]
[Result "1-0"]
[WhiteElo "2157"]
[BlackElo "1586"]

1. e4 e6 2. d4 c6 3. Nf3 h6 4. Nc3 Bb4 5. Bd3 Bxc3+ 6. bxc3 Nf6 7. O-O b5 8. a4
Ba6 9. Ba3 d6 10. e5 dxe5 11. Nxe5 bxa4 12. Re1 Bxd3 13. cxd3 1-0

[Event "AUTO-OPEN-1936"]
[Site "http://www.queenalice.com/game.php?id=846717"]
[Date "2010.10.16"]
[Round "2"]
[White "ION_digo"]
[Black "kookaburra"]
[Result "0-1"]
[WhiteElo "1584"]
[BlackElo "2158"]

1. e4 c5 2. Bc4 e6 3. d3 Nc6 4. a3 Nf6 5. Bg5 Be7 6. Nf3 d5 7. exd5 exd5 8. Bb5
O-O 9. Bxc6 bxc6 10. O-O Rb8 11. Ne5 Qc7 12. Bf4 Bd6 0-1

[Event "AUTO-OPEN-1936"]
[Site "http://www.queenalice.com/game.php?id=846722"]
[Date "2010.10.16"]
[Round "2"]
[White "ION_digo"]
[Black "juanluciano"]
[Result "0-1"]
[WhiteElo "1610"]
[BlackElo "1792"]

1. e4 e5 2. Bc4 Nf6 3. Nf3 Nc6 4. Ng5 Bc5 5. Nxf7 Bxf2+ 6. Kxf2 Nxe4+ 7. Kf1 Rf8
8. d3 Qf6+ 9. Qf3 Rxf7 10. Bxf7+ Kxf7 11. dxe4 Nd4 0-1

[Event "AUTO-OPEN-1936"]
[Site "http://www.queenalice.com/game.php?id=846723"]
[Date "2010.10.16"]
[Round "2"]
[White "juanluciano"]
[Black "ION_digo"]
[Result "1-0"]
[WhiteElo "1801"]
[BlackElo "1601"]

1. e4 e5 2. Nf3 Nc6 3. d4 f6 4. dxe5 Nxe5 5. Nxe5 fxe5 6. Qh5+ g6 7. Qxe5+ Qe7
8. Qxe7+ Bxe7 9. Bf4 d6 10. Bc4 Nf6 11. Nc3 1-0